| 000 | 00426nam a2200157 a 4500 | ||
|---|---|---|---|
| 001 | 000034039 | ||
| 005 | 20200930070725.0 | ||
| 008 | 110921s1982 dr 000 0 spa d | ||
| 040 |
_aDO-SdBNP _bspa _cBNPHU |
||
| 082 |
_axxxx _bA795 |
||
| 100 | 1 |
_aArvelo, Álvaro _927799 |
|
| 245 | 1 | 0 |
_aComentarios de cine / _cÁlvaro Arvelo hijo. |
| 260 |
_aSanto Domingo : _bCorripio, _c1982. |
||
| 300 |
_a163 p. ; _c21 cm. |
||
| 049 | _aBNPD | ||
| 999 |
_c33530 _d33530 |
||